00334nam a2200121Ia 4500008004100000041001200041082001600053100001700069245007300086260003800159300000800197650000700205221030s9999 xx 000 0 und d aEnglish a105.23bMal aA. K. Mallik 0aPrinciples of Phase Transformation & Heat Treatmentcby A. K. Mallik bIndian Tech. Bombay.aIndiac1984 a217 aEE